00409nam a22001577a 450000500170000002000180001710000200003524500200005526000290007530000110010449000340011550000400014965000190018965000200020865000230022820260113104629.0 a9780387948461 aRajendra Bhatia aMatrix analysis aNew YorkbSpringerc1997 axi+347 aGraduate texts in mathematics aGraduate texts in mathematics - 169 aLinear algebra aOperator theory aNumerical analysis